000 00197nam a2200085Ia 4500
008 211105s9999 xx 000 0 und d
020 _a"
100 _a RHRASHER, Travis
_9125867
245 0 _aHome run
999 _c596015
_d596014